| Поле | Название | Значение |
| |
Тип записи |
a |
| |
Библиографический уровень |
m |
| 001 |
Контрольный номер |
RU/ГПНТБ России/IBIS/84(7CША)/Б 89-415911826 |
| 005 |
Дата корректировки |
20240801090551.4 |
| 010 |
Индекс ISBN |
__ |
| a |
ISBN |
978-5-699-96726-1 |
| b |
Уточнения |
в пер. |
| 9 |
Тираж |
10000 |
| d |
Цена |
213-00 |
| 100 |
Данные общей обработки |
__ |
| a |
Данные общей обработки |
20210126d2020 ma y0rusy0289 |
| 101 |
Язык документа |
1_ |
| a |
Язык текста |
rus |
| c |
Язык оригинала |
eng |
| 102 |
Страна публикации |
__ |
| a |
Страна публикации |
RU |
| 105 |
Кодированные данные (монография) |
__ |
| a |
Кодированные данные (монография) |
y zz 000ay |
| 181 |
Поле кодированных данных: вид содержания |
_0 |
| a |
Код вида содержания (ISBD) |
i |
| 182 |
Поле кодированных данных: тип средства |
_0 |
| a |
Код типа средства (ISBD) |
n |
| 200 |
Заглавие и сведения об ответственности |
1_ |
| a |
Заглавие |
Вино из одуванчиков |
| f |
Первые сведения об ответственности |
Рэй Брэдбери |
| g |
Последующие сведения об ответственности |
перевод с английского А. Оганяна |
| 210 |
Выходные данные |
1_ |
| a |
Место издания |
Москва |
| c |
Издательство |
Эксмо |
| d |
Дата издания |
2020 |
| 215 |
Физическое описание |
__ |
| a |
Объем |
317, [1] с. |
| d |
Формат |
21 см |
| 225 |
Серия (Журнальная рубрика) |
2_ |
| a |
Серия (Журнальная рубрика) |
Всемирная литература |
| i |
Наименование части |
Зарубежная классика |
| 333 |
Примечание о целевом назначении |
__ |
| a |
Примечание о целевом назначении |
16+ |
| 454 |
Оригинал |
_0 |
| 1 |
|
700 1 |
| a |
|
Bradbury |
| g |
|
Ray |
| 1 |
|
2001 |
| a |
|
The Dandelion Wine |
| f |
|
Ray Bradbury |
| 606 |
Тематические рубрики |
__ |
| a |
Основная рубрика |
Художественная литература |
| 606 |
Тематические рубрики |
__ |
| a |
Основная рубрика |
Литература Америки (произведения) |
| 610 |
Ключевые слова |
0_ |
| a |
Ключевые слова |
американская литература |
| a |
Ключевые слова |
романы |
| 686 |
Индексы других классификаций |
__ |
| a |
Индекс ББК |
84(7Сое)-4 |
| 700 |
Автор |
_1 |
| a |
Фамилия |
Брэдбери |
| b |
Имя |
Р. |
| g |
Полное личное имя |
Рэй |
| f |
Даты |
1920-2012 |
| 4 |
Код отношения |
070 |
| 702 |
Вторичная интеллектуальная ответственность |
_1 |
| a |
Фамилия |
Оганян |
| b |
Имя |
А. |
| g |
Полное личное имя |
Арам |
| 4 |
Код отношения |
730 |
| 801 |
Источник записи |
_0 |
| b |
Организация |
ГПНТБ России |
| a |
Страна |
RU |
| c |
Дата составления |
20210126 |
| 801 |
Источник записи |
_1 |
| b |
Организация |
ГПНТБ России |
| a |
Страна |
RU |
| c |
Дата составления |
20210126 |
| 801 |
Источник записи |
_1 |
| a |
Страна |
RU |
| b |
Организация |
Центральная районная библиотека им. Г. А. Пирожникова |
| c |
Дата составления |
20210126 |
| 852 |
Данные о местонахождении |
__ |
| j |
Шифр хранения |
84(7Сое) |
| i |
Авторский знак |
Б 897 |
| 901 |
Тип документа |
__ |
| t |
Тип документа |
m |
| 902 |
Роль лиц |
__ |
| b |
Редактор БЗ |
ОКиО/Шумских |